Ceza muhakemeleri usulü kanunu ve ilgil mevzuat: Polis vazife ve selahiyet kanunu (Record no. 11030)

000 -LEADER
fixed length control field 01105nmm a2200277 a 4500
001 - CONTROL NUMBER
control field ocm0001083836
003 - CONTROL NUMBER IDENTIFIER
control field TR-IsHL
005 - DATE AND TIME OF LATEST TRANSACTION
control field 20201028151500.0
008 - FIXED-LENGTH DATA ELEMENTS--GENERAL INFORMATION
fixed length control field 150709s1985 tu tur
007 - PHYSICAL DESCRIPTION FIXED FIELD--GENERAL INFORMATION
fixed length control field cr cn
035 ## - SYSTEM CONTROL NUMBER
System control number 1083836
-- (N$T)
050 04 - LIBRARY OF CONGRESS CALL NUMBER
Classification number KKX4604.5
Item number .Y87 1985
090 04 - LOCALLY ASSIGNED LC-TYPE CALL NUMBER (OCLC); LOCAL CALL NUMBER (RLIN)
Classification number (OCLC) (R) ; Classification number, CALL (RLIN) (NR) KKX4604.5
Local cutter number (OCLC) ; Book number/undivided call number, CALL (RLIN) .Y87 1985
100 1# - MAIN ENTRY--PERSONAL NAME
Personal name Yurtcan, Erdener
245 10 - TITLE STATEMENT
Title Ceza muhakemeleri usulü kanunu ve ilgil mevzuat: Polis vazife ve selahiyet kanunu
Medium [electronic resource] /
Statement of responsibility, etc. Erdener Yurtcan
250 ## - EDITION STATEMENT
Edition statement CMUK.'yı Değiştiren 3206 Sayılı Yasaya Göre Yeniden Hazırlanmış 4. bası
260 ## - PUBLICATION, DISTRIBUTION, ETC.
Place of publication, distribution, etc. İstanbul :
Name of publisher, distributor, etc. Erdener Yurtcan Kitaplığı,
Date of publication, distribution, etc. 1985
300 ## - PHYSICAL DESCRIPTION
Extent 448 p.
500 ## - GENERAL NOTE
General note Dış kapakta : Notlu, açıklamalı Ceza muhakemeleri usulü kanunu ve ilgil mevzuat : Polis vazife ve selahiyet kanunu
International Standard Serial Number (SE) [OBSOLETE]
650 #4 - SUBJECT ADDED ENTRY--TOPICAL TERM
Topical term or geographic name entry element Hukuk
650 #4 - SUBJECT ADDED ENTRY--TOPICAL TERM
Topical term or geographic name entry element Law
650 #0 - SUBJECT ADDED ENTRY--TOPICAL TERM
Topical term or geographic name entry element Ceza yargılaması
General subdivision Türkiye
650 #0 - SUBJECT ADDED ENTRY--TOPICAL TERM
Topical term or geographic name entry element Criminal procedure
General subdivision Turkey
650 #7 - SUBJECT ADDED ENTRY--TOPICAL TERM
Topical term or geographic name entry element LAW / Criminal Law / General
Source of heading or term bisacsh
856 40 - ELECTRONIC LOCATION AND ACCESS
Uniform Resource Identifier <a href="http://search.ebscohost.com/login.aspx?direct=true&scope=site&db=e011xww&AN=1083836">http://search.ebscohost.com/login.aspx?direct=true&scope=site&db=e011xww&AN=1083836</a>
Holdings
Withdrawn status Lost status Source of classification or shelving scheme Damaged status Not for loan Collection code Permanent Location Current Location Date acquired Total Checkouts Full call number Barcode Date last seen Price effective from Koha item type
        Online   Kıbrıs Amerikan Üniversitesi Kütüphanesi / American University of Cyprus Kıbrıs Amerikan Üniversitesi Kütüphanesi / American University of Cyprus 28.10.2020   KKX4604.5 .Y87 1985 1083836 28.10.2020 28.10.2020 E-Kitap
Devinim Yazılım Eğitim Danışmanlık tarafından Koha'nın orjinal sürümü uyarlanarak geliştirilip kurulmuştur.